| 000 | 00422cam a2200181ua 4500 | ||
|---|---|---|---|
| 020 | _c6.00 | ||
| 041 |
_aeng _h |
||
| 082 |
_a629.2275 _bOSB/YO |
||
| 100 | _aOsborne, Bernal . | ||
| 245 |
_aYour scooter / _cBernal Osborne. _hTextual Documents |
||
| 250 |
_a1 / _b. |
||
| 260 |
_a : _bTemple press limited , _c1960. |
||
| 300 | _a169 ; . | ||
| 365 | _a6.00 | ||
| 504 | _a | ||
| 942 | _cBK | ||
| 999 |
_c2407 _d2407 |
||